00762nam a2200229Ii 45000010005000000030009000050080041000140200018000550400033000730410008001060820016001141000027001302450030001572640043001873000012002303360026002423370028002683380027002969400050003239990017003739520142003906522CO-ViMGA241108s9999||||xx |||||||||||||| ||und|| a9788447354405 aCO-ViMGAbspaerdacCO-ViMGA0 aspa04a793.74 L69a1 aMirta Rosenberg95070410aLos acertijos de Sam Loyd 1aMadrid, España : Editorial RBA, 2007 avolumen atextbtxt2rdacontent aunmediatedbn2rdamedia avolumebnc2rdacarrier aidficha_siabuc: 6373. -- ficha_no_siabuc:6522 c45389d45389 001040708001aMEVIGERRbMEVIGERRcGENd2006-11-27hVol.1o793.74 L69apECA5962r2024-11-26 09:28:45tEj.1w2024-11-26yBKz6373 | 8919